00964nam a2200217 a 450000100100000000500170001000800410002702000150006804000250008310000270010824501510013526000750028630000390036149000440040050000320044470000250047671000720050183000510057395201050062499900170072900004221420201002040019.0131119s1984 sp g 000 0 spa d a8400056809 aDO-SdBNPbspacBNPHU1 aMudarra, Alonso96923210aTres libros de música en cifra para vihuela [Música impresa] :b(Sevilla 1546) /cAlonso Madarra ; transcripción y estudio por Emilio Pujol. aBarcelona :bConsejo Superior de Investigaciones Científicas,c1984. a135 p. :bil., partitura ;c32 cm.1 aMonumentos de la música españolav7 aLa biblioteca posee el v. 11 aPujol, Emilio9692332 aConsejo Superior de Investigaciones Científicas (España)915178 0aMonumentos de la música españolav7965588 001050718MOaGRbGRcCTd2013-11-19iLF1l0o p42214-10r2020-06-25w2020-06-25y1ZNo se presta c41703d41703